| 000 | 00739cam a2200205 i 4500 | ||
|---|---|---|---|
| 005 | 20251108173304.0 | ||
| 008 | 250721s1998 ua gr 000 0 ara d | ||
| 020 | _a1841170097 | ||
| 041 |
_aara _heng |
||
| 082 | 1 | 4 |
_a133.43 _bب د ج |
| 100 | 1 |
_aبدج، واليس _eمؤلف. |
|
| 245 | 1 | 0 |
_aالسحر في مصر القديمة / _cترجمة وتقديم د. عبد الهادي عبد الرحمن. |
| 264 | 1 |
_aبيروت : _bمؤسسة الإنتشار العربي، _c1998. |
|
| 300 | _a205 صفحة. | ||
| 650 | 1 | 7 | _aالسحر و التنجيم. |
| 650 | 1 | 7 | _aتاريخ مصر القديمة. |
| 700 | 1 |
_aعبد الرحمن، عبد الهادي _eمترجم. |
|
| 942 |
_2ddc _cBK |
||
| 999 |
_c100436 _d100436 |
||